LEADER 04206nam 22006852 450 001 9910786214503321 005 20151005020621.0 010 $a1-107-23683-5 010 $a1-107-35776-4 010 $a1-107-34439-5 010 $a1-107-34916-8 010 $a1-107-34814-5 010 $a1-107-34564-2 010 $a1-107-34189-2 010 $a1-139-22634-7 035 $a(CKB)2670000000343994 035 $a(EBL)1139712 035 $a(SSID)ssj0000857539 035 $a(PQKBManifestationID)11515346 035 $a(PQKBTitleCode)TC0000857539 035 $a(PQKBWorkID)10867536 035 $a(PQKB)11700802 035 $a(UkCbUP)CR9781139226349 035 $a(Au-PeEL)EBL1139712 035 $a(CaPaEBR)ebr10695331 035 $a(CaONFJC)MIL494737 035 $a(OCoLC)841486723 035 $a(MiAaPQ)EBC1139712 035 $a(EXLCZ)992670000000343994 100 $a20120103d2013|||| uy| 0 101 0 $aeng 135 $aur||||||||||| 181 $ctxt$2rdacontent 182 $cc$2rdamedia 183 $acr$2rdacarrier 200 00$aAsian capitalism and the regulation of competition $etowards a regulatory geography of global competition law /$fedited by Michael W. Dowdle, John Gillespie, and Imelda Maher$b[electronic resource] 210 1$aCambridge :$cCambridge University Press,$d2013. 215 $a1 online resource (xii, 376 pages) $cdigital, PDF file(s) 300 $aTitle from publisher's bibliographic system (viewed on 05 Oct 2015). 311 $a1-107-02742-X 320 $aIncludes bibliographical references and index. 327 $gIntroduction /$rMichael W. Dowdle, John Gillespie, and Imelda Maher --$tThe regulatory geography of market competition in Asia (and beyond) : a preliminary mapping /$rMichael W. Dowdle --$tAsia and global competition law convergence /$rDavid J. Gerber --$tThe institutional structure of competition law /$rImelda Maher --$tThe cultural political economy of competitiveness, competition law, and competition policy in Asia /$rNgai-Ling Sum --$tThe complexities of competition and competitiveness : challenges for competition law and economic governance in variegated capitalism /$rBob Jessop --$tCompetition and competition law in Japan : between scepticism and embrace /$rSimon Vande Walle --$tState capitalism and the regulation of competition in China /$rWentong Zheng --$tManaging competition in socialist-transforming Asia : the case of Vietnam /$rJohn Gillespie --$tCompetition in the periphery : melamine milk adulteration as peripheral "innovation" /$rMichael W. Dowdle --$tCompetition law and the role of the state in East Asia /$rTony Prosser --$tGlobalizing competition in Asia : an evolutionary perspective /$rHenry Wai-Chung Yeung --$tAddressing the development deficit of competition policy : the role of economic networks /$rFrederic C. Deyo --$tWhither Asia? Whither capitalism? Whither global competition law? /$rMichael W. Dowdle. 330 $aAsian Capitalism and the Regulation of Competition explores the implications of Asian forms of capitalism and their regulation of competition for the emerging global competition law regime. Expert contributors from a variety of backgrounds explore the topic through the lenses of formal law, soft law and transnational regulation, and make extensive comparisons with Euro-American and global models. Case studies include Japan, China and Vietnam, and thematic studies include examinations of competition law's relationship with other regulatory terrains such as public law, market culture, regulatory geography and transnational production networks. 517 3 $aAsian Capitalism & the Regulation of Competition 606 $aAntitrust law$zAsia 606 $aCapitalism$zAsia 606 $aRestraint of trade$zAsia 615 0$aAntitrust law 615 0$aCapitalism 615 0$aRestraint of trade 676 $a343.507/21 702 $aDowdle$b Michael W. 702 $aGillespie$b John$g(John Stanley), 702 $aMaher$b Imelda 801 0$bUkCbUP 801 1$bUkCbUP 906 $aBOOK 912 $a9910786214503321 996 $aAsian capitalism and the regulation of competition$93780689 997 $aUNINA LEADER 06582oam 22013214 450 001 9910780744903321 005 20230721024328.0 010 $a1-4623-6534-5 010 $a1-4527-5336-9 010 $a1-283-53823-7 010 $a1-4519-4836-0 010 $a9786613850683 035 $a(CKB)2470000000001373 035 $a(EBL)1608491 035 $a(SSID)ssj0000470267 035 $a(PQKBManifestationID)11288857 035 $a(PQKBTitleCode)TC0000470267 035 $a(PQKBWorkID)10412207 035 $a(PQKB)11169785 035 $a(MiAaPQ)EBC1608491 035 $a(Au-PeEL)EBL1608491 035 $a(CaPaEBR)ebr10300278 035 $a(OCoLC)796031523 035 $a(IMF)REOMCDEE2007002 035 $a(IMF)REOMCDEA2007002 035 $a(EXLCZ)992470000000001373 100 $a20020129d2007 uf 0 101 0 $aeng 135 $aur|n|---||||| 181 $ctxt 182 $cc 183 $acr 200 10$aRegional Economic Outlook, October 2007, Middle East and Central Asia 210 1$aWashington, D.C. :$cInternational Monetary Fund,$d2007. 215 $a1 online resource (69 p.) 225 1 $aRegional Economic Outlook 300 $a"October 2007." 311 $a1-58906-669-3 320 $aIncludes bibliographical references. 327 $aCover; Contents; Assumptions and Conventions; Recent Macroeconomic Developments and Prospects; Highlights; Background; Recent Economic Developments; Figures; 1 Global real GDP growth; Boxes; 1 Maghreb: Growth Performance and R Remaining Challenges maining; 2 MCD real GDP growth; 3 External current account balance; 4 Non-oil commodity prices; 2 Oil Developments-An Update; 5 Gross officia official reserves; 6 Central government fiscal balance; 7 Total government debt; 8 Monetary developments; 9 Credit to the private sector; 10 Consumer prices; 11 Nominal effective exchange rates 327 $a12 Real effective exchange rates13 Selected stock market indices; 3 Regional Impact of the 2 2007 Global Credit Squeeze 07; Economic Outlook; World economic outlook; 14 Global outlook; 15 Brent crude oil prices; Outlook for the MCD region; Policy Issues; 4 Kazakhstan: A Decad Decade of Economic Progress; 5 Armenia: The Road to a Successful Transition; 6 Egypt: An Emerging Success Story; 7 Pakistan: An Economic Turnaround; 8 The Boom in the GCC: I Is It Sustainable?; 9 The United Arab Emirates: The Race to Prosperity; Statistical Appendix; Data and Conventions; Tables; 1 Real GDP Growth 327 $a2 Nominal GDP3 Oil and Non-Oil Real GDP Growth for Oil Exporters; 4 Crude Oil Production and Exports; 5 Consumer Price Inflation; 6 Broad Money; 7 Central Government Fiscal Balance; 8 Central Government Total Revenue Excluding Grants; 9 Oil Exporters: Central Government Non-Oil Fiscal Balance; 10 Oil Exporters: Central Government Non-Oil Revenue; 11 Central Government Total Expenditure and Net Lending; 12 Total Government Debt; 13 Exports of Goods and Services; 14 Imports of Goods and Services; 15 Current Account Balance (in billions o of U.S. dollars) 327 $a16 Current Account Balance (in percent of GDP)17 Real Effective Exchange Rates; 18 Gross Official Reserves; 19 Total Gross Public and Private External Debt 330 3 $aThe Middle East and Central Asia is undergoing a remarkable transformation driven by rapid GDP growth and high oil and non-oil commodity prices. The report presents common economic trends and reviews prospects and policies for the coming year in light of the global economic environment. This latest REO includes boxes treating both regional topics--such as growth in the Maghreb countries; developments in the oil markets; the boom in the GCC countries, and the impact of the recent global credit squeeze on the region--and country-specific reviews, of Kazakhstan, Armenia, Egypt, Pakistan, and the UAE. 410 0$aRegional Economic Outlook 606 $aEconomic forecasting$zMiddle East 606 $aEconomic forecasting$zAsia, Central 606 $aInvestments: Energy$2imf 606 $aExports and Imports$2imf 606 $aFinance: General$2imf 606 $aInflation$2imf 606 $aMacroeconomics$2imf 606 $aEnergy: General$2imf 606 $aGeneral Financial Markets: General (includes Measurement and Data)$2imf 606 $aEnergy: Demand and Supply$2imf 606 $aPrices$2imf 606 $aPrice Level$2imf 606 $aDeflation$2imf 606 $aCurrent Account Adjustment$2imf 606 $aShort-term Capital Movements$2imf 606 $aInvestment & securities$2imf 606 $aFinance$2imf 606 $aInternational economics$2imf 606 $aPublic finance & taxation$2imf 606 $aOil$2imf 606 $aEmerging and frontier financial markets$2imf 606 $aOil prices$2imf 606 $aCurrent account surpluses$2imf 606 $aCommodities$2imf 606 $aFinancial markets$2imf 606 $aBalance of payments$2imf 606 $aPetroleum industry and trade$2imf 606 $aFinancial services industry$2imf 606 $aTaxation$2imf 607 $aMiddle East$xEconomic conditions 607 $aAsia, Central$xEconomic conditions 607 $aUnited Arab Emirates$2imf 615 0$aEconomic forecasting 615 0$aEconomic forecasting 615 7$aInvestments: Energy 615 7$aExports and Imports 615 7$aFinance: General 615 7$aInflation 615 7$aMacroeconomics 615 7$aEnergy: General 615 7$aGeneral Financial Markets: General (includes Measurement and Data) 615 7$aEnergy: Demand and Supply 615 7$aPrices 615 7$aPrice Level 615 7$aDeflation 615 7$aCurrent Account Adjustment 615 7$aShort-term Capital Movements 615 7$aInvestment & securities 615 7$aFinance 615 7$aInternational economics 615 7$aPublic finance & taxation 615 7$aOil 615 7$aEmerging and frontier financial markets 615 7$aOil prices 615 7$aCurrent account surpluses 615 7$aCommodities 615 7$aFinancial markets 615 7$aBalance of payments 615 7$aPetroleum industry and trade 615 7$aFinancial services industry 615 7$aTaxation 676 $a338.097705 712 02$aInternational Monetary Fund. 801 0$bDcWaIMF 906 $aBOOK 912 $a9910780744903321 996 $aRegional Economic Outlook, October 2007, Middle East and Central Asia$93807563 997 $aUNINA